000 00684nam a22002057a 4500
999 _c277
_d277
003 OSt
005 20200313094941.0
008 200313b ||||| |||| 00| 0 eng d
020 _a0912912065
040 _aKABLIB
_cKABLIB
082 _223
_a616.12
_bDUB
100 _aDubin , Dale
_91099
245 _a Rapid Interpretation of EKG's ...an Interactive course :
_bDr Dubin's classic, simplified methodology for understanding EKG's /
_cDale Dubin
250 _a6th ed.
260 _aFlorida :
_bCOVER Publishing Company,
_cc2000
300 _ax, 368p. :
_billl. col. ;
_c26 cm.
500 _aIncludes: Index (p.364 - 368)
650 _aElectrocardiography
_91100
942 _2ddc
_cBOOK